[Event "LSS RA-2009-0-00054"]
[Site "LSS email"]
[Date "2009.06.27"]
[Round "?"]
[White "Storm, Sergey"]
[Black "Walker, Jeffrey"]
[Result "0-1"]
[WhiteElo "1987"]
[BlackElo "2071"]
[PlyCount "21"]
[EventDate "2009.05.14"]
[EventType "tourn (corr)"]
[EventRounds "6"]
[EventCountry "GER"]
[SourceTitle "Corr 2013"]
[Source "ChessBase"]
[SourceDate "2012.11.12"]
[SourceVersion "1"]
[SourceVersionDate "2012.11.12"]
[SourceQuality "1"]

1. e4 e6 2. d4 d5 3. Nc3 Nf6 4. e5 Nfd7 5. Nf3 c5 6. dxc5 Nc6 7. Bf4 Bxc5 8. Bd3 f6 9. exf6 Nxf6 10. Qe2 0-0 11. 0-0-0 0-1

[Event "LSS RA-2009-0-00052"]
[Site "LSS email"]
[Date "2009.06.01"]
[Round "?"]
[White "Herzog, Klaus"]
[Black "Storm, Sergey"]
[Result "1/2-1/2"]
[WhiteElo "1942"]
[BlackElo "2150"]
[PlyCount "26"]
[EventDate "2009.05.09"]
[EventType "tourn (corr)"]
[EventRounds "6"]
[EventCountry "GER"]
[SourceTitle "Corr 2013"]
[Source "ChessBase"]
[SourceDate "2012.11.12"]
[SourceVersion "1"]
[SourceVersionDate "2012.11.12"]
[SourceQuality "1"]

1. e4 c5 2. Nf3 d6 3. d4 cxd4 4. Nxd4 Nf6 5. Nc3 a6 6. Bg5 e6 7. f4 Qb6 8. Qd2 Qxb2 9. Rb1 Qa3 10. Bxf6 gxf6 11. Be2 Nc6 12. Nxc6 bxc6 13. 0-0 Qa5 1/2-1/2

[Event "LSS RA-2009-0-00052"]
[Site "LSS email"]
[Date "2009.06.01"]
[Round "?"]
[White "Storm, Sergey"]
[Black "Nicolenco, Sergey"]
[Result "1/2-1/2"]
[WhiteElo "2150"]
[BlackElo "1963"]
[PlyCount "24"]
[EventDate "2009.05.09"]
[EventType "tourn (corr)"]
[EventRounds "6"]
[EventCountry "GER"]
[SourceTitle "Corr 2013"]
[Source "ChessBase"]
[SourceDate "2012.11.12"]
[SourceVersion "1"]
[SourceVersionDate "2012.11.12"]
[SourceQuality "1"]

1. d4 Nf6 2. c4 e6 3. Nf3 b6 4. Nc3 Bb4 5. Bg5 Bb7 6. e3 0-0 7. Bd3 h6 8. Bh4 d6 9. 0-0 Bxc3 10. bxc3 Nbd7 11. Nd2 Qe7 12. f3 e5 1/2-1/2

[Event "LSS ZL-2009-0-00534"]
[Site "LSS email"]
[Date "2009.05.31"]
[Round "?"]
[White "Storm, Sergey"]
[Black "Garcia, Sergio"]
[Result "1-0"]
[WhiteElo "2150"]
[BlackElo "800"]
[PlyCount "45"]
[EventDate "2009.05.26"]
[EventType "match (corr)"]
[EventRounds "2"]
[EventCountry "GER"]
[SourceTitle "Corr 2011"]
[Source "ChessBase"]
[SourceDate "2010.08.31"]
[SourceVersion "1"]
[SourceVersionDate "2010.08.31"]
[SourceQuality "1"]

1. e4 c5 2. Nf3 Nc6 3. d4 cxd4 4. Nxd4 Nf6 5. Nc3 d6 6. Bc4 e5 7. Nf5 Bxf5 8. exf5 a6 9. 0-0 Be7 10. Bb3 0-0 11. Bg5 Rb8 12. Re1 Nd4 13. f4 Nxb3 14. axb3 Re8 15. fxe5 dxe5 16. Qxd8 Rbxd8 17. Bxf6 Bxf6 18. Ne4 h6 19. Rad1 Rxd1 20. Rxd1 Rd8 21. Nxf6+ gxf6 22. Rxd8+ Kg7 23. Rd7 1-0